Mozambique rising building a new tomorrow

Na minha lista:
Detalhes bibliográficos
Outros Autores: Ross, Doris C.
Formato: Livro
Idioma:inglês
Publicado em: Washington, D.C. International Monetary Fund 2014
Colecção:African department
Assuntos:
Tags: Adicionar Tag
Sem tags, seja o primeiro a adicionar uma tag!

MARC

LEADER 00000nam a2200000 4500
001 0204217
005 20240311131304.1
020 |a 978-1-47556-510-2 
041 0 |a eng 
044 |a US 
245 1 0 |a Mozambique rising  |b building a new tomorrow  |c editor: Doris C. Ross 
264 1 |a Washington, D.C.  |b International Monetary Fund  |c 2014 
300 |a 170 s. 
490 1 |a African department 
830 0 |a African department 
610 2 0 |a krajiny rozvojové 
610 2 0 |a rast hospodársky 
610 2 0 |a makroekonomika 
610 2 0 |a projekty 
610 2 0 |a miesta pracovné 
610 2 0 |a investície verejné 
610 2 0 |a zabezpečenie sociálne 
610 2 0 |a rozvoj hospodársky 
610 2 0 |a zdroje prírodné 
610 2 0 |a Mozambik 
700 1 |a Ross, Doris C.